| 000 | 00732nam a2200217 a 4500 | ||
|---|---|---|---|
| 001 | 000040358 | ||
| 005 | 20201002034100.0 | ||
| 008 | 130821s2005 mx 000 0 spa d | ||
| 020 | _a9703223893 | ||
| 040 |
_aDO-SdBNP _bspa _cBNPHU |
||
| 100 | 1 |
_aVera, Pedro Jorge, _d1914- _d1905-1983 _966658 |
|
| 245 | 1 | 3 |
_aLa guamoteña / _cPedro Jorge, Vera ; viñetas de Galo Galecio. |
| 260 |
_aMéxico : _bUniversidad Nacional Autónoma de México, _c2005. |
||
| 300 |
_a28 p. ; _c22 cm. |
||
| 490 | 1 |
_aLunes _v23 |
|
| 500 | _aIncluye datos biográficos del autor p. 3 | ||
| 533 |
_aFacsímil: _bMéxico _d1946 |
||
| 700 | 1 |
_aGalecio, Galo _966630 |
|
| 710 | 0 |
_aUniversidad Nacional Autónoma de México _942447 |
|
| 830 | 0 |
_aLunes _v23 _966616 |
|
| 999 |
_c39848 _d39848 |
||